000
00304nam a2200109 4500
999
_c
10594
_d
10594
008
180907b ||||| |||| 00| 0 eng d
245
_a
PH secures P27.2B of investments from Japan.
260
_a
Davao City
_b
Sun Star Davao
_c
c2017
300
_a
page 8.
650
0
_9
31004
_a
Investments.
942
_2
ddc
_c
PER